Countries of Europe in 1930 - Statistics

General Stats
  • This quiz has been taken 109 times
  • The average score is 32 of 36
Answer Stats
Countries % Correct
Soviet Union
99%
Germany
96%
Portugal
95%
Yugoslavia
95%
Austria
94%
Hungary
94%
Norway
94%
Romania
94%
Spain
94%
Netherlands
92%
Poland
92%
United Kingdom
92%
Andorra
91%
Belgium
91%
Bulgaria
91%
Czechoslovakia
91%
Finland
91%
Greece
91%
Italy
91%
Sweden
91%
Switzerland
90%
Denmark
89%
France
89%
Ireland
89%
Estonia
87%
Latvia
87%
Luxembourg
87%
San Marino
87%
Liechtenstein
86%
Lithuania
86%
Turkey
86%
Albania
85%
Vatican City
84%
Iceland
82%
Monaco
81%
Danzig
42%
No matching quizzes found
Score Distribution
Percent of People with Each Score
Percentile by Number Answered
Your Score History
You have not taken this quiz